<?xml version="1.0" encoding="UTF-8"?>
<marc:record xmlns:marc="http://www.loc.gov/MARC21/slim">
   <marc:leader>00000nam a2200000 a 4500</marc:leader>
   <marc:datafield ind1="1" ind2=" " tag="100">
      <marc:subfield code="a">Bárður Oskarsson</marc:subfield>
      <marc:subfield code="4">aut</marc:subfield>
      <marc:subfield code="e">Verfasser/-in</marc:subfield>
   </marc:datafield>
   <marc:datafield ind1="1" ind2=" " tag="100">
      <marc:subfield code="a">Bárður Oskarsson</marc:subfield>
   </marc:datafield>
   <marc:datafield ind1=" " ind2=" " tag="653">
      <marc:subfield code="a">Kaninchen</marc:subfield>
   </marc:datafield>
   <marc:datafield ind1=" " ind2=" " tag="653">
      <marc:subfield code="a">Bestattung</marc:subfield>
   </marc:datafield>
   <marc:datafield ind1=" " ind2=" " tag="653">
      <marc:subfield code="a">Tod</marc:subfield>
   </marc:datafield>
   <marc:datafield ind1=" " ind2=" " tag="653">
      <marc:subfield code="a">Softcover / Kinder- und Jugendbücher/Erzählerische Bilderbücher</marc:subfield>
   </marc:datafield>
   <marc:datafield ind1=" " ind2=" " tag="653">
      <marc:subfield code="a">Karikatur</marc:subfield>
   </marc:datafield>
   <marc:datafield ind1="0" ind2="0" tag="245">
      <marc:subfield code="a">Das platte Kaninchen</marc:subfield>
   </marc:datafield>
   <marc:datafield ind1="0" ind2="0" tag="245">
      <marc:subfield code="c">Bárður Oskarsson</marc:subfield>
   </marc:datafield>
   <marc:datafield ind1=" " ind2="1" tag="264">
      <marc:subfield code="a">Berlin</marc:subfield>
      <marc:subfield code="b">Jacoby &amp; Stuart</marc:subfield>
      <marc:subfield code="c">2013</marc:subfield>
   </marc:datafield>
   <marc:datafield ind1="1" ind2=" " tag="520">
      <marc:subfield code="a">Angaben aus der Verlagsmeldung

Das platte Kaninchen / von Bárður Oskarsson

Die schönste Luftbestattung der WeltEin wunderbar minimalistisch illustriertes Bilderbuch über ein plattgefahrenes Kaninchen, das am Ende dann doch eine sehr schöne und angemessene Bestattung bekommt. Bárður Oskarsson hat ein philosophisches und vor allem sehr heiteres Buch geschaffen, bei dem sich wirklich niemand ein Schmunzeln verkneifen kann.Hund und Ratte stoßen auf ein plattgefahrenes Kaninchen. Der Hund meint, dass er das Kaninchen sogar kennt. Die beiden sind sich einig, dass es nicht schön sein kann, da so zu liegen, aber sie wissen nicht, was sie mit dem Kaninchen machen sollen. Also stehen sie erst einmal ein bisschen herum und gucken. Endlich haben sie eine Idee: Ganz vorsichtig schälen sie das platte Kaninchen vom Asphalt, nehmen es mit nach Hause und dann wird die ganze Nacht gehämmert und gezimmert. Am nächsten Morgen ist alles vorbereitet für die schönste Luftbestattung der Welt ...Bárður Oskarssons Illustrationen bestechen besonders durch Körperhaltungund Gesichtsausdruck der Tiere. Kindern, die im allgemeinen eine unbefangene Einstellung zu Leben und Tod haben, beantwortet dieses Buch viele Fragen, Erwachsenen wiederum gibt es die Chance, die Fragen der Kinder unbefangen zu beantworten.
</marc:subfield>
   </marc:datafield>
   <marc:datafield ind1=" " ind2=" " tag="020">
      <marc:subfield code="a">9783941087170</marc:subfield>
      <marc:subfield code="9">9783941087170</marc:subfield>
   </marc:datafield>
   <marc:datafield ind1=" " ind2=" " tag="300">
      <marc:subfield code="a">32] S.</marc:subfield>
   </marc:datafield>
</marc:record>
